Welcome to the Holygrace Academy Library

Please use search bar below to get started

DICK WHITTINGTON (Record no. 3949)

MARC details
000 -LEADER
fixed length control field 00262nam a22001217a 4500
020 ## - INTERNATIONAL STANDARD BOOK NUMBER
ISBN 0-7214-1555-5
082 ## - DEWEY DECIMAL CLASSIFICATION NUMBER
Classification number 823
Item number RAN/D
100 ## - MAIN ENTRY--AUTHOR NAME
Personal name 28.5.2014
245 ## - TITLE STATEMENT
Title DICK WHITTINGTON
260 ## - PUBLICATION, DISTRIBUTION, ETC. (IMPRINT)
Place of publication LONDON
Name of publisher LADY BIRD
650 ## - SUBJECT ADDED ENTRY--TOPICAL TERM
Topical Term ENGLISH SHORT STORY
Geographic subdivision UK
942 ## - ADDED ENTRY ELEMENTS (KOHA)
Koha item type Books
Holdings
Withdrawn status Lost status Collection code Home library Current library Shelving location Date acquired Source of acquisition Full call number Accession Number Koha item type
    Fiction Main Library Main Library SHELF 3- G LADY BIRD STORY BOOKS 28/05/2014 PUCHASE 823 RAN/D 08389 Books